000 00328nam a2200133Ia 4500
008 191201s2002 xx 000 0 und d
100 _aSATSANGI, S S
245 0 _aGarments Finishing and Care Labelling
250 _a1st
260 _aN.Delhi
_bUsha Publishers
_c2002
300 _a219
650 _aB.Tech(TE)
942 _2ddc
_cBK
999 _c2568
_d2568